| 000 | 00438nam a2200121Ia 4500 | ||
|---|---|---|---|
| 008 | 160712s9999 xx 000 0 und d | ||
| 100 | _aMedrana, Jack G.L. | ||
| 245 |
_cJack G.L. Medrana _aSelling Banaue: Material Culture in the Marketing of a Tourist Destination |
||
| 260 |
_c2013 _bDiliman Review |
||
| 300 | _avol. 60 no. 1-4 | ||
| 650 | _xTOURISM | ||
| 856 | _uhttp://journals.upd.edu.ph/index.php/dilimanreview/issue/view/515/showToc | ||
| 999 |
_c297364 _d297364 |
||